Harry Truman Trivia - Statistics

General Stats
  • This quiz has been taken 26 times
  • The average score is 7 of 11
Answer Stats
Question Answer % Correct
Truman Made the controversial decision to relieve a major military general during the Korean War. Who was this General? Douglas MacArthur
95%
Truman assumed the presidency after the death of which president? Franklin Roosevelt
95%
Which cities were the atomic bombs dropped on? (name one) Hiroshima/Nagasaki
95%
What international organization was created under the Truman Presidency to combat Soviet expansionism? NATO
82%
Truman Was born in which U.S state? Missouri
77%
Truman had a surprise victory in the 1948 presidential election who was the other major party candidate in that election? Thomas Dewey
77%
What does Truman's middle initial 's' stand for? nothing
68%
What was the Truman Doctrine a response to? Communism
59%
Who was Truman's Vice President? Alben Barkley
23%
Truman supported what kind of health care reform? Single-payer
23%
What was the name of Truman's domestic policy agenda? Fair Deal
14%
No matching quizzes found
Score Distribution
Percent of People with Each Score
Percentile by Number Answered
Your Score History
You have not taken this quiz